| 000 | 00694nam a22001937a 4500 | ||
|---|---|---|---|
| 003 | BUBTL | ||
| 008 | 230323b ||||| |||| 00| 0 eng d | ||
| 082 | _a345/ K452c/ 1993 | ||
| 100 |
_95258 _aখান, বোরহান উদ্দীন |
||
| 245 |
_aঅপরাধ বিজ্ঞান পরিচিতি : _bখান, বোরহান উদ্দীন |
||
| 250 | _a২ সং | ||
| 260 |
_aঢাকা _bপ্রভাতী প্রকাশনী _cc1993 |
||
| 300 |
_a320p. : _b21 cm. |
||
| 650 | 0 |
_926 _aLaw |
|
| 700 |
_95258 _aখান, বোরহান উদ্দীন |
||
| 856 |
_k0 _l0 _yDownload |
||
| 942 |
_2ddc _cBK |
||
| 999 |
_c7001 _d7001 |
||